Нормален изглед
MARC изглед
- Съвети, окръжни
Вход 09. Предметна рубрика
001 - Контролен номер на записа
- Контролно поле: 445826
003 - Код на организацията, даваща контролен номер
- Контролно поле: BLK
005 - Дата и час на последна промяна на записа
- Контролно поле: 20210331140600.0
008 - Данни с фиксирана дължина – обща информация
- Данни с фиксирана дължина : 210331|| aca||babn | a|a d
150 ## - ТЕМАТИЧНА ПРЕДМЕТНА РУБРИКА
- Редна дума или Топографско име: Съвети, окръжни
942 ## - Системна служебна употреба
- Koha auth type: TOPIC_TERM